BIBLIOTECA PODER JUDICIAL
Portal Judicial TDF

La problemática del objeto y el contenido de la cesión de herencia / (Registro nro. 5335)

000 -LEADER
fixed length control field 01120nab a22002777a 4500
003 - CONTROL NUMBER IDENTIFIER
control field OSt
005 - DATE AND TIME OF LATEST TRANSACTION
control field 20250223215049.0
008 - FIXED-LENGTH DATA ELEMENTS--GENERAL INFORMATION
fixed length control field 190603e xxum|||| |||| 00| 0 spa d
040 ## - CATALOGING SOURCE
Transcribing agency PJ
100 ## - MAIN ENTRY--PERSONAL NAME
9 (RLIN) 5959
Personal name Iglesias, Mariana B.
245 13 - TITLE STATEMENT
Title La problemática del objeto y el contenido de la cesión de herencia /
Statement of responsibility, etc Mariana B. Iglesias.
260 ## - PUBLICATION, DISTRIBUTION, ETC. (IMPRINT)
Date of publication, distribution, etc Ciudad Autónoma de Buenos Aires :
Place of publication, distribution, etc Thomson Reuters La Ley,
Name of publisher, distributor, etc 2023.
300 ## - PHYSICAL DESCRIPTION
Extent p. 31-41
500 ## - GENERAL NOTE
General note Cita Online: TR LALEY AR/DOC/2721/2023.
505 ## - FORMATTED CONTENTS NOTE
Formatted contents note I. Introducción.— II. Conclusión.
505 ## - FORMATTED CONTENTS NOTE
Title ¿Te interesa el texto completo? Solicitalo al correo: koha@justierradelfuego.gov.ar
650 #0 - SUBJECT ADDED ENTRY--TOPICAL TERM
9 (RLIN) 888
Topical term or geographic name as entry element SUCESIONES
650 #0 - SUBJECT ADDED ENTRY--TOPICAL TERM
9 (RLIN) 1497
Topical term or geographic name as entry element CODIGO CIVIL Y COMERCIAL
650 #0 - SUBJECT ADDED ENTRY--TOPICAL TERM
9 (RLIN) 4553
Topical term or geographic name as entry element PARTICION DE LA HERENCIA
650 #0 - SUBJECT ADDED ENTRY--TOPICAL TERM
9 (RLIN) 3433
Topical term or geographic name as entry element CESIÓN DE DERECHOS
650 #0 - SUBJECT ADDED ENTRY--TOPICAL TERM
9 (RLIN) 2324
Topical term or geographic name as entry element PRESCRIPCIÓN ADQUISITIVA
650 #0 - SUBJECT ADDED ENTRY--TOPICAL TERM
9 (RLIN) 979
Topical term or geographic name as entry element BIENES GANANCIALES
650 #0 - SUBJECT ADDED ENTRY--TOPICAL TERM
9 (RLIN) 1081
Topical term or geographic name as entry element EXCLUSION HEREDITARIA
773 0# - HOST ITEM ENTRY
Host Biblionumber 2713
Host Itemnumber 3170
Place, publisher, and date of publication Ciudad Autónoma de Buenos Aires : Thomson Reuters La Ley, 2015-
Title Revista Código Civil y Comercial. Nº 6 - Diciembre 2023
942 ## - ADDED ENTRY ELEMENTS (KOHA)
Source of classification or shelving scheme
Koha item type Analítica Artículo de Revista

No hay ítems disponibles.

12 de Octubre 789 Ushuaia - Tel:  54(02901)441571
Horario de Atención: 8.00 a 17.00 hs. 
bibliotecaush@justierradelfuego.gov.ar
koha@justierradelfuego.gov.ar
Seguinos en nuestras redes @bibliojustdf 

Con tecnología Koha